| 000 | 01401nam0a2200373 4500 | ||
|---|---|---|---|
| 001 | RU\NLR\bibl\1057537 | ||
| 005 | 20260406165512.0 | ||
| 010 | _a5-7429-0138-0 | ||
| 010 |
_a978-5-7429-0138-9 _96000 |
||
| 021 |
_aRU _b2007-4503 _9230 |
||
| 035 | _a(nilc)EL/0000106445 | ||
| 035 | _aRU\LSL\Books\2511501 | ||
| 035 | _a(NLR Aleph) 001044819 | ||
| 090 |
_a841484 _c841484 |
||
| 100 | _a20070118d2007 |||y0rusy50 ca | ||
| 101 | 1 |
_arus _ceng |
|
| 102 | _aRU | ||
| 105 | _aa z ||||| | ||
| 200 | 1 |
_aРазмышления о псалмах _e[пер. с англ.] _fК.С. Льюис |
|
| 210 |
_aМосква _cПравосл. Свято-Тихон. гуманитар. ун-т _d2007 |
||
| 215 |
_a120, [2] с. _cил. _d18 |
||
| 320 | _aБиблиогр. в подстроч. примеч. | ||
| 605 |
_aБиблия _iВетхий Завет _iПсалтырь _xТолкование _92191472 _3RU\NLR\auth\661317340 |
||
| 686 |
_aЭ37-210.913 _vLBC/SL _2rubbk |
||
| 686 |
_a21.15.61 _2rugasnti |
||
| 686 | _aЭ37-210.913 | ||
| 700 | 1 |
_4070 _7ca _8rus _aЛьюис _bК. С. _f1898-1963 _gКлайв Стейплз _3RU\NLR\auth\7711831 _9121566 |
|
| 801 | 0 |
_aRU _bНБ Казанского ГУ _c20070118 _gPSBO |
|
| 801 | 1 |
_aRU _bНБ Казанского ГУ _c20070206 _gPSBO |
|
| 801 | 2 |
_aRU _bNLR _c20070313 _grcr |
|
| 942 | _cBOOK | ||
| 980 | _aNB | ||